| 000 | 00493nam a22001937a 4500 | ||
|---|---|---|---|
| 003 | OSt | ||
| 005 | 20241121100844.0 | ||
| 008 | 241121b |||||||| |||| 00| 0 eng d | ||
| 040 | _cMRSPTU | ||
| 041 | _aENG | ||
| 082 |
_a300.723 _bCR-R |
||
| 100 | _aCreswell, John W. | ||
| 245 | _aResearch Design : Qualitative, Quantitative and Mixed Methods Approaches | ||
| 250 | _a4th Ed. | ||
| 260 |
_aNew Delhi _bSage Pub. _c2019 |
||
| 300 | _a190 | ||
| 650 | _aArchitecture | ||
| 942 |
_2ddc _cBK _n0 |
||
| 999 |
_c10464 _d10464 |
||